Making race and nation : (Record no. 10122)
[ view plain ]
| 000 -LEADER | |
|---|---|
| fixed length control field | 01579cam a2200361 a 4500 |
| 090 ## - LOCALLY ASSIGNED LC-TYPE CALL NUMBER (OCLC); LOCAL CALL NUMBER (OCLC) | |
| -- | 10122 |
| 001 - CONTROL NUMBER | |
| control field | 3070783 |
| 005 - DATE AND TIME OF LATEST TRANSACTION | |
| control field | 20020831181538.0 |
| 008 - FIXED-LENGTH DATA ELEMENTS--GENERAL INFORMATION | |
| fixed length control field | 970505s1998 enk b 001 0 eng |
| 010 ## - LIBRARY OF CONGRESS CONTROL NUMBER | |
| LC control number | 97020437 |
| 020 ## - INTERNATIONAL STANDARD BOOK NUMBER | |
| International Standard Book Number | 0521584558 (hardcover) |
| 040 ## - CATALOGING SOURCE | |
| Original cataloging agency | DLC |
| Transcribing agency | DLC |
| Modifying agency | DLC |
| 043 ## - GEOGRAPHIC AREA CODE | |
| Geographic area code | f-sa--- |
| -- | s-bl--- |
| -- | n-us--- |
| 050 00 - LIBRARY OF CONGRESS CALL NUMBER | |
| Classification number | HT1521 |
| Item number | .M283 1998 |
| 082 00 - DEWEY DECIMAL CLASSIFICATION NUMBER | |
| Classification number | 305.8 |
| Edition number | 21 |
| Item number | MAR |
| 100 1# - MAIN ENTRY--PERSONAL NAME | |
| Personal name | Marx, Anthony W. |
| 245 10 - TITLE STATEMENT | |
| Title | Making race and nation : |
| Remainder of title | a comparison of South Africa, the United States, and Brazil / |
| Statement of responsibility, etc | Anthony W. Marx. |
| 260 ## - PUBLICATION, DISTRIBUTION, ETC. (IMPRINT) | |
| Place of publication, distribution, etc | Cambridge, U.K. ; |
| -- | New York, NY, USA : |
| Name of publisher, distributor, etc | Cambridge University Press, |
| Date of publication, distribution, etc | c.1998. |
| 300 ## - PHYSICAL DESCRIPTION | |
| Extent | xviii, 390 p. ; |
| Dimensions | 24 cm. |
| 440 #0 - | |
| -- | Cambridge studies in comparative politics |
| 504 ## - BIBLIOGRAPHY, ETC. NOTE | |
| Bibliography, etc | Includes bibliographical references (p. 351-380) and index. |
| 650 #0 - SUBJECT ADDED ENTRY--TOPICAL TERM | |
| Topical term or geographic name as entry element | Race discrimination |
| General subdivision | Case studies. |
| 650 #0 - SUBJECT ADDED ENTRY--TOPICAL TERM | |
| Topical term or geographic name as entry element | Race relations |
| General subdivision | Case studies. |
| 651 #0 - SUBJECT ADDED ENTRY--GEOGRAPHIC NAME | |
| Geographic name | Brazil |
| General subdivision | Race relations. |
| 651 #0 - SUBJECT ADDED ENTRY--GEOGRAPHIC NAME | |
| Geographic name | South Africa |
| General subdivision | Race relations. |
| 651 #0 - SUBJECT ADDED ENTRY--GEOGRAPHIC NAME | |
| Geographic name | United States |
| General subdivision | Race relations. |
| 856 42 - ELECTRONIC LOCATION AND ACCESS | |
| Materials specified | Publisher description |
| Uniform Resource Identifier | <a href="http://www.loc.gov/catdir/description/cam028/97020437.html">http://www.loc.gov/catdir/description/cam028/97020437.html</a> |
| 856 41 - ELECTRONIC LOCATION AND ACCESS | |
| Materials specified | Table of contents |
| Uniform Resource Identifier | <a href="http://www.loc.gov/catdir/toc/cam026/97020437.html">http://www.loc.gov/catdir/toc/cam026/97020437.html</a> |
| 906 ## - LOCAL DATA ELEMENT F, LDF (RLIN) | |
| a | 7 |
| b | cbc |
| c | orignew |
| d | 1 |
| e | ocip |
| f | 19 |
| g | y-gencatlg |
| 942 ## - ADDED ENTRY ELEMENTS (KOHA) | |
| Source of classification or shelving scheme | Dewey Decimal Classification |
| Item type | |
| Withdrawn status | Item status | Source of classification or shelving scheme | Damaged status | Not for loan | Home library | Current library | Shelving location | Date acquired | Source of acquisition | Total Checkouts | Full call number | Barcode | Date last seen | Date last borrowed | Cost, replacement price | Koha item type |
|---|---|---|---|---|---|---|---|---|---|---|---|---|---|---|---|---|
| Dewey Decimal Classification | Central Library | Central Library | First floor | 18/08/2008 | Purchase | 2 | 305.8 MAR | 000013765 | 15/07/2025 | 25/11/2009 | 125.00 | NB - Book (Non borrowing) |